| 000 | 05193cam a22019214i 4500 | ||
|---|---|---|---|
| 001 | u154487 | ||
| 003 | PE-LiUPU | ||
| 005 | 20250813165329.0 | ||
| 008 | 150918s2013 sp a r 000 0 spa d | ||
| 020 | _a9788436829457 | ||
| 035 | _a(Sirsi) i9788436829457 | ||
| 040 |
_aCO-BoBLA _bspa _cCO-BoBLA _dPE-LiUPU _erda |
||
| 049 | _aPRUA | ||
| 082 | 0 | 4 |
_a658.515 _bV38 |
| 100 | 1 |
_aVelasco Sánchez, Juan, _eautor. |
|
| 245 | 1 | 0 |
_aGestión de la producción en la empresa : _bplanificación, programación y control / _cJuan Velasco Sánchez, Juan Antonio Campins Masriera. |
| 264 | 1 |
_aMadrid : _bEdiciones Pirámide, _c2013. |
|
| 300 |
_a354 páginas : _bilustraciones ; _c24 centímetros. |
||
| 336 |
_atext _2rdacontent |
||
| 337 |
_aunmediated _2rdamedia |
||
| 338 |
_avolume _2rdacarrier |
||
| 490 | 1 | _aColección economía y empresa | |
| 504 | _aIncluye referencias bibliográficas (páginas 353-354) | ||
| 505 | 0 | _aSituación general de planificación, programación y control de la producción -- Predicción de la demanda -- Planificación de producción: introducción -- Planificación de producción: MRP -- Control y gestión de stocks -- Programación, lanzamiento y control de producción (planificación a muy corto plazo) -- Sistema Toyota de producción -- Implantación del lean producción -- Fundamentos de la teoría de las restricciones (QPT). | |
| 526 | _aP203 | ||
| 526 | _aP200 | ||
| 526 | _aSEG65 | ||
| 526 | _aSEG64 | ||
| 526 | _aSEG63 | ||
| 526 | _aSEG62 | ||
| 526 | _aSEG61 | ||
| 526 | _aSEG60 | ||
| 526 | _aSEG59 | ||
| 526 | _aSEG58 | ||
| 526 | _aSEG57 | ||
| 526 | _aSEG56 | ||
| 526 | _aSEG55 | ||
| 526 | _aSEG54 | ||
| 526 | _aSEG53 | ||
| 526 | _aSEG52 | ||
| 526 | _aSEG51 | ||
| 526 | _aSEG50 | ||
| 526 | _aSEG49 | ||
| 526 | _aSEG48 | ||
| 526 | _aSEG47 | ||
| 526 | _aSEG46 | ||
| 526 | _aSEG24 | ||
| 526 | _aSEG23 | ||
| 526 | _aSEG22 | ||
| 526 | _aSEG21 | ||
| 526 | _aSEG20 | ||
| 526 | _aSEG19 | ||
| 526 | _aSEG18 | ||
| 526 | _aSEG17 | ||
| 526 | _aSEG16 | ||
| 526 | _aSEG14 | ||
| 526 | _aSEG13 | ||
| 526 | _aSEG12 | ||
| 526 | _aSEG11 | ||
| 526 | _aSEG10 | ||
| 526 | _aSEG09 | ||
| 526 | _aSEG06 | ||
| 526 | _aSEG05 | ||
| 526 | _aSEG04 | ||
| 526 | _aSEG03 | ||
| 526 | _aSEG02 | ||
| 526 | _aSEG68 | ||
| 526 | _aSEG66 | ||
| 526 | _aSEG45 | ||
| 526 | _aSEG25 | ||
| 526 | _aSEG01 | ||
| 526 | _aP163 | ||
| 526 | _aP162 | ||
| 526 | _aP161 | ||
| 526 | _aP160 | ||
| 526 | _aP159 | ||
| 526 | _aP158 | ||
| 526 | _aP157 | ||
| 526 | _aP156 | ||
| 526 | _aP155 | ||
| 526 | _aP154 | ||
| 526 | _aP153 | ||
| 526 | _aP152 | ||
| 526 | _aP151 | ||
| 526 | _aP150 | ||
| 526 | _aP149 | ||
| 526 | _aP142 | ||
| 526 | _aP141 | ||
| 526 | _aP140 | ||
| 526 | _aP139 | ||
| 526 | _aP138 | ||
| 526 | _aP137 | ||
| 526 | _aP132 | ||
| 526 | _aP131 | ||
| 526 | _aP130 | ||
| 526 | _aP126 | ||
| 526 | _aP125 | ||
| 526 | _aP124 | ||
| 526 | _aP123 | ||
| 526 | _aP115 | ||
| 526 | _aP122 | ||
| 526 | _aP121 | ||
| 526 | _aP116 | ||
| 526 | _a P114 | ||
| 526 | _aP112 | ||
| 526 | _aP111 | ||
| 526 | _aP104 | ||
| 526 | _aP103 | ||
| 526 | _aP102 | ||
| 526 | _aP101 | ||
| 526 | _aP100 | ||
| 526 | _aP96 | ||
| 526 | _aP95 | ||
| 526 | _aP93 | ||
| 526 | _aP92 | ||
| 526 | _aP91 | ||
| 526 | _aP88 | ||
| 526 | _aP83 | ||
| 526 | _aP82 | ||
| 526 | _aP79 | ||
| 526 | _aP78 | ||
| 526 | _aP75 | ||
| 526 | _aP74 | ||
| 526 | _aP71 | ||
| 526 | _aP69 | ||
| 526 | _a P51 | ||
| 526 | _aP49 | ||
| 526 | _aP48 | ||
| 526 | _aP47 | ||
| 526 | _aP33 | ||
| 526 | _aP31 | ||
| 526 | _a P30 | ||
| 526 | _aP29 | ||
| 526 | _aP27 | ||
| 526 | _aP26 | ||
| 526 | _aP25 | ||
| 526 | _aP24 | ||
| 526 | _a P22 | ||
| 526 | _aP10 | ||
| 526 | _aP09 | ||
| 526 | _a P08 | ||
| 526 | _aP06 | ||
| 526 | _aP05 | ||
| 526 | _aP04 | ||
| 526 | _aP01 | ||
| 541 | _g043-0014559; | ||
| 541 | _g001-003587; | ||
| 596 | _a1 2 | ||
| 650 | 4 |
_aAdministración de la producción. _94914 |
|
| 650 | 4 |
_aAdministración de la producción _vEstudio de casos. |
|
| 650 | 4 |
_aAdministración industrial. _94985 |
|
| 650 | 4 | _aCiclo de vida de los productos. | |
| 650 | 4 | _aControl de inventarios. | |
| 650 | 4 |
_aControl de la producción. _94921 |
|
| 700 | 1 |
_aCampins Masriera, Juan Antonio, _eautor. |
|
| 910 |
_aaas _bjck _caas _d20150918 |
||
| 910 |
_adbm _bncf _cncf _d20180604 |
||
| 942 |
_2ddc _cBOOK |
||
| 994 |
_aC0 _bPEPRU |
||
| 949 |
_a658.515 V38 _wDEWEY _c1 _iFT02824 _lCCODEBUT1 _mBUT _p27.25 _r0 _sY _tBOOK _u2015-9-18 _xFCE _PP04 _0COMPRA _o.STAFF. Colección General |
||
| 999 |
_a658.515 V38 _wDEWEY _c7188 _iFT02824 _f2019-2-20 _g2 _lCCODEBUT1 _mBUT _p27.25 _r0 _sY _tBOOK _u2015-9-18 _xFCE _PP04 _0COMPRA _o.STAFF. Colección General _d7188 |
||
| 999 |
_a658.515 V38 _wDEWEY _c1 _i78656 _d2019-10-15 _e2019-10-15 _f2021-11-8 _g3 _lCCODEBUL1 _mBUL _n2 _p57.58 _q1 _r0 _sY _tBOOK _u2018-6-4 _xFCE _PP04 _0COMPRA _1FCOMPRA _o.STAFF. Colección Ciencias Empresariales |
||
| 980 |
_81 _gALBERTO SANCHEZ Responsable de Automatización |
||